[Event "British Universities-ch"]
[Site "Leicester"]
[Date "2024.02.25"]
[Round "?"]
[White "Kwong, Wing Ki"]
[Black "Patel, Rishi"]
[Result "1-0"]
[WhiteElo "1819"]
[BlackElo "1735"]
[PlyCount "122"]
[EventDate "2024.02.24"]
[EventType "team-swiss (rapid)"]
[EventRounds "9"]
[EventCountry "ENG"]
[SourceTitle "CB11_2024"]
[SourceDate "2024.03.13"]
[SourceVersion "1"]
[SourceVersionDate "2024.03.13"]
[SourceQuality "1"]
[WhiteTeam "UCL"]
[BlackTeam "Loughborough"]
[WhiteTeamCountry "ENG"]
[BlackTeamCountry "ENG"]

1. d4 Nf6 2. c4 e6 3. Nf3 d5 4. Nc3 Bb4 5. Bg5 0-0 6. e3 a6 7. Rc1 Nbd7 8. a3 Be7 9. cxd5 exd5 10. Bd3 h6 11. Bh4 Re8 12. 0-0 c5 13. dxc5 Nxc5 14. Be2 Be6 15. Nd4 Nfe4 16. Bxe7 Qxe7 17. Bf3 Nxc3 18. Rxc3 Ne4 19. Rc1 Rac8 20. Nxe6 Qxe6 21. Qd4 Nf6 22. h3 b5 23. Be2 Rxc1 24. Rxc1 Rc8 25. Rc3 Rxc3 26. Qxc3 Ne4 27. Qc2 Nd6 28. b3 Qc8 29. Qxc8+ Nxc8 30. Kf1 Kf8 31. Ke1 Ke7 32. Kd2 Ke6 33. Kc3 Ne7 34. Kb4 Kd6 35. Ka5 Nc6+ 36. Kxa6 b4 37. axb4 Nxb4+ 38. Kb5 Nc6 39. b4 f6 40. Ka4 d4 41. b5 Nd8 42. exd4 Ne6 43. Kb4 Nxd4 44. Bd3 Ne6 45. Be4 Nc5 46. Bf5 Nb7 47. Bg4 Nc5 48. Kc4 Ne4 49. f4 Kc7 50. Kd5 Nc3+ 51. Kc4 Ne4 52. Be6 Kb6 53. Bd7 Nd6+ 54. Kd5 Kc7 55. Bc6 Nf5 56. Kc5 Ne7 57. b6+ Kb8 58. Bf3 g5 59. fxg5 fxg5 60. Kd6 Nf5+ 61. Ke5 Ne3 1-0

[Event "British Universities-ch"]
[Site "Leicester"]
[Date "2024.02.24"]
[Round "?"]
[White "Bottazzi, Ulysse"]
[Black "Kwong, Wing Ki"]
[Result "1-0"]
[WhiteElo "2135"]
[BlackElo "1819"]
[PlyCount "249"]
[EventDate "2024.02.24"]
[EventType "team-swiss (rapid)"]
[EventRounds "9"]
[EventCountry "ENG"]
[SourceTitle "CB11_2024"]
[SourceDate "2024.03.13"]
[SourceVersion "1"]
[SourceVersionDate "2024.03.13"]
[SourceQuality "1"]
[WhiteTeam "Imperial"]
[BlackTeam "UCL"]
[WhiteTeamCountry "ENG"]
[BlackTeamCountry "ENG"]

1. e4 c5 2. Nf3 d6 3. d4 cxd4 4. Nxd4 Nf6 5. Nc3 Nc6 6. g3 g6 7. Nxc6 bxc6 8. e5 dxe5 9. Qxd8+ Kxd8 10. Bg2 Kc7 11. 0-0 Bf5 12. Re1 Nd7 13. Be3 Bg7 14. Rac1 Nb6 15. Bc5 Rhe8 16. b4 Bh6 17. Be3 Bxe3 18. Rxe3 Nc4 19. Ree1 Rab8 20. b5 cxb5 21. a4 b4 22. Nd5+ Kd7 23. Red1 Nd6 24. Bf1 Rec8 25. Bb5+ Ke6 26. Nxb4 Nxb5 27. axb5 Rxb5 28. Nd3 Rd5 29. Ne1 Rc3 30. Rxd5 Kxd5 31. Ra1 Rc7 32. Ng2 Kd6 33. Ne3 Be6 34. Ra6+ Kd7 35. Kf1 f6 36. Ke2 Bf7 37. Kd2 Kc8 38. Ra4 Kb7 39. c4 Rd7+ 40. Kc3 e4 41. Rb4+ Kc6 42. Ra4 f5 43. h4 e5 44. Ra5 f4 45. Ng4 Kb6 46. Rb5+ Ka6 47. Nxe5 Rc7 48. Kb4 fxg3 49. fxg3 Be6 50. Ra5+ Kb7 51. c5 Bd5 52. Ra1 Re7 53. c6+ Kb6 54. Ng4 Bxc6 55. Ne3 Kb7 56. Kc5 Rd7 57. Rb1+ Kc7 58. Ra1 Bb7 59. Rxa7 Rd3 60. Nc4 Rd5+ 61. Kb4 Kb8 62. Ra3 Rd4 63. Kc5 Rd5+ 64. Kb4 Bc6 65. Ne3 Re5 66. Kc4 Kb7 67. Kd4 Rb5 68. Nc4 Rd5+ 69. Ke3 Rc5 70. Na5+ Kb6 71. Nxc6 Kxc6 72. Kxe4 Kd6 73. Ra6+ Ke7 74. Ra7+ Kf6 75. Rxh7 Rc4+ 76. Kf3 Rc3+ 77. Kf4 Rc4+ 78. Kf3 Rc3+ 79. Kg4 Rc4+ 80. Kh3 Rc3 81. Ra7 Rb3 82. Ra6+ Kg7 83. Ra5 Rc3 84. Rg5 Kf6 85. Rg4 Ra3 86. Rf4+ Kg7 87. Kg4 Ra5 88. Rd4 Rb5 89. Kf4 Rf5+ 90. Ke4 Ra5 91. Rd5 Ra4+ 92. Ke5 Rg4 93. Rd3 Ra4 94. Ke6 Re4+ 95. Kd5 Ra4 96. Ke5 Ra5+ 97. Ke6 Ra6+ 98. Ke7 Ra1 99. Ke6 Re1+ 100. Kd5 Kf6 101. Rf3+ Kg7 102. Kd4 Re2 103. Re3 Ra2 104. Ke5 Rf2 105. Rd3 Rf5+ 106. Ke4 Ra5 107. g4 Ra4+ 108. Rd4 Ra1 109. Rd7+ Kf6 110. Rd6+ Kf7 111. Kf4 Ra5 112. Rb6 Kg7 113. Rb7+ Kg8 114. Re7 Rb5 115. Re5 Rb6 116. Kg5 Kg7 117. Re7+ Kf8 118. Rc7 Ra6 119. Kh6 Ra4 120. g5 Ra6 121. Rb7 Rc6 122. Ra7 Rb6 123. Kh7 Rb4 124. h5 gxh5 125. g6 1-0

[Event "British Universities-ch"]
[Site "Leicester"]
[Date "2024.02.24"]
[Round "?"]
[White "Kwong, Wing Ki"]
[Black "Turner, Max N"]
[Result "0-1"]
[WhiteElo "1819"]
[BlackElo "2231"]
[PlyCount "138"]
[EventDate "2024.02.24"]
[EventType "team-swiss (rapid)"]
[EventRounds "9"]
[EventCountry "ENG"]
[SourceTitle "CB11_2024"]
[SourceDate "2024.03.13"]
[SourceVersion "1"]
[SourceVersionDate "2024.03.13"]
[SourceQuality "1"]
[WhiteTeam "UCL"]
[BlackTeam "Warwick"]
[WhiteTeamCountry "ENG"]
[BlackTeamCountry "ENG"]

1. d4 d5 2. c4 e6 3. Nc3 Be7 4. Nf3 Nf6 5. e3 0-0 6. Qc2 c5 7. dxc5 Bxc5 8. a3 a5 9. cxd5 exd5 10. Be2 Nc6 11. 0-0 Qe7 12. Rd1 Rd8 13. Nb5 Bg4 14. Nbd4 Rac8 15. Nxc6 Rxc6 16. Qa4 Bb6 17. Nd4 Bxd4 18. Bxg4 Rc4 19. Qxa5 Nxg4 20. exd4 Qh4 21. Bf4 Qxf2+ 22. Kh1 Rdc8 23. Bg3 Qxb2 24. Qd2 Qxd2 25. Rxd2 Ne3 26. Re2 Nc2 27. Rd1 Rxd4 28. Rc1 Rdc4 29. Re7 Nxa3 30. Rce1 h5 31. Rxb7 Re4 32. Rd1 h4 33. Bf2 Rc2 34. Ba7 Ree2 35. Rd7 Nb5 36. Bb8 Nc3 37. Rg1 Ne4 38. Ba7 Ra2 39. Bd4 Ra4 40. Bb6 Rb4 41. Ba7 Nf6 42. Rd8+ Kh7 43. Rd1 Rbe4 44. Kg1 Rg4 45. Bf2 Ne4 46. Rf1 Nxf2 47. Rxf2 Re1+ 48. Rf1 Rxf1+ 49. Kxf1 Rg5 50. Kf2 Kg6 51. Kf3 Re5 52. Kf4 f6 53. Rd7 Rg5 54. Kf3 Re5 55. Kf4 Kh6 56. Kf3 g5 57. Rd6 Kg6 58. Ra6 Kf5 59. h3 Re4 60. Rd6 Ke5 61. Rd8 Ra4 62. Re8+ Kf5 63. Rd8 Ra3+ 64. Kf2 Ke5 65. Re8+ Kf4 66. Rd8 Ra2+ 67. Kf1 Kg3 68. Rxd5 Ra1+ 69. Ke2 Kxg2 0-1

[Event "Asian Games"]
[Site "Hangzhou"]
[Date "2023.09.24"]
[Round "2"]
[White "Kwong, Wing Ki"]
[Black "Kojima, Shinya"]
[Result "0-1"]
[WhiteElo "1923"]
[BlackElo "2306"]
[PlyCount "124"]
[EventDate "2023.09.24"]
[EventType "swiss (rapid)"]
[EventRounds "9"]
[EventCountry "CHN"]
[SourceTitle "EXT 2024"]
[Source "ChessBase"]
[SourceDate "2023.10.10"]
[SourceVersion "1"]
[SourceVersionDate "2023.10.10"]
[SourceQuality "1"]

1. d4 d5 2. c4 c6 3. Nc3 Nf6 4. Nf3 dxc4 5. a4 Bf5 6. e3 e6 7. Bxc4 Bb4 8. 0-0 0-0 9. Qe2 Bg6 10. Rd1 Nbd7 11. Ne5 Nxe5 12. dxe5 Nd7 13. e4 Qe7 14. Bf4 a5 15. Qe3 h6 16. Na2 Nc5 17. Nxb4 axb4 18. a5 Nxe4 19. f3 Ng5 20. h4 Nh7 21. Bg3 Rfc8 22. Qb6 Nf8 23. Rd6 c5 24. Qb5 Qc7 25. b3 h5 26. Kh2 Bf5 27. Rb6 Ra7 28. Rd1 Rca8 29. a6 bxa6 30. Qc6 a5 31. Ra1 Nd7 32. Qxc7 Rxc7 33. Rd6 Kf8 34. Rad1 Ke7 35. Bb5 Nf8 36. Ba4 Rb8 37. Ra6 c4 38. bxc4 b3 39. Bxb3 Rxb3 40. Rxa5 Rc3 41. Bf2 R3xc4 42. Bb6 Rd7 43. Rda1 Ng6 44. Bc5+ Ke8 45. Bd6 f6 46. Ra8+ Kf7 47. R1a7 Rxa7 48. Rxa7+ Kg8 49. exf6 gxf6 50. Ra8+ Kg7 51. Ra7+ Kg8 52. Ra8+ Kf7 53. Ra7+ Ke8 54. g4 hxg4 55. h5 Ne5 56. h6 gxf3 57. h7 Rh4+ 58. Kg3 Rxh7 59. Ra8+ Kd7 60. Bxe5 fxe5 61. Kxf3 Rh3+ 62. Kf2 Ke7 0-1

[Event "Olympiad-44"]
[Site "Chennai"]
[Date "2022.08.01"]
[Round "4.3"]
[White "Kwong, Wing Ki"]
[Black "De la Riva Aguado, Oscar"]
[Result "0-1"]
[WhiteElo "1824"]
[BlackElo "2424"]
[PlyCount "150"]
[EventDate "2022.07.29"]
[EventType "team-swiss"]
[EventRounds "11"]
[EventCountry "IND"]
[SourceTitle "CBM 210"]
[Source "ChessBase"]
[SourceDate "2022.10.31"]
[SourceVersion "1"]
[SourceVersionDate "2022.10.31"]
[SourceQuality "1"]
[WhiteTeam "Hong Kong"]
[BlackTeam "Andorra"]
[WhiteTeamCountry "HKG"]
[BlackTeamCountry "AND"]

1. d4 f5 2. Nf3 Nf6 3. g3 g6 4. Bg2 Bg7 5. 0-0 0-0 6. c4 d6 7. Nc3 c6 8. Qc2 Na6 9. a3 Qe8 10. d5 Bd7 11. dxc6 bxc6 12. b4 Nc7 13. Rd1 Ne6 14. Bb2 f4 15. c5 fxg3 16. hxg3 dxc5 17. bxc5 Nxc5 18. Ne5 Bf5 19. e4 Be6 20. Ne2 Rb8 21. Nf4 Bb3 22. Qxc5 Bxd1 23. Rxd1 Rxb2 24. Nxc6 Kh8 25. Ne6 Nd7 26. Qxa7 Rfxf2 27. Bf1 Rfd2 28. Rxd2 Rxd2 29. Nxg7 Kxg7 30. Qe3 Rd6 31. Qc3+ e5 32. Bh3 Nf6 33. Nxe5 Qe7 34. Ng4 Qxe4 35. Nxf6 Rxf6 36. Qc7+ Kh6 37. Qc1+ g5 38. Bg2 Qd4+ 39. Kh2 Kg6 40. Qc2+ Kg7 41. Qc7+ Rf7 42. Qa5 Kg6 43. Qa6+ Rf6 44. Qb7 Rf7 45. Qc6+ Qf6 46. Qe8 Kg7 47. Qe2 Re7 48. Qg4 Qh6+ 49. Kg1 Qb6+ 50. Kh2 Qe3 51. Qb4 h5 52. a4 Qe5 53. Kh3 Rc7 54. Qb5 Rc5 55. Qd7+ Kh6 56. Qd8 Rc7 57. Qf8+ Rg7 58. Qh8+ Kg6 59. Qa8 Re7 60. Qg8+ Kh6 61. Qf8+ Kh7 62. Bf1 Qe6+ 63. Kh2 Rd7 64. Qf3 Rd2+ 65. Kg1 Kh6 66. Qf8+ Kg6 67. Qf3 Qd5 68. Qf8 Qd4+ 69. Kh1 Qe4+ 70. Kg1 Qe3+ 71. Kh1 Qe6 72. Bg2 h4 73. Qa8 Qe1+ 74. Kh2 Qxg3+ 75. Kh1 Rd1+ 0-1

[Event "Online Olym Div4 A"]
[Site "Chess.com INT"]
[Date "2021.08.22"]
[Round "11.4"]
[White "Pillay, Ragul Snega"]
[Black "Kwong, Wing Ki"]
[Result "1-0"]
[WhiteElo "1341"]
[BlackElo "1876"]
[PlyCount "75"]
[EventDate "2021.08.20"]
[EventType "team (rapid)"]
[EventRounds "11"]
[EventCountry "USA"]
[SourceTitle "CBM 203 Extra"]
[Source "ChessBase"]
[SourceDate "2021.09.30"]
[SourceVersion "1"]
[SourceVersionDate "2021.09.30"]
[SourceQuality "1"]
[WhiteTeam "Seychelles"]
[BlackTeam "Hong Kong"]
[WhiteTeamCountry "SEY"]
[BlackTeamCountry "HKG"]

1. d4 Nf6 2. c4 g6 3. Nc3 d5 4. cxd5 Nxd5 5. e4 Nxc3 6. bxc3 Bg7 7. Nf3 c5 8. Bb5+ Bd7 9. Bxd7+ Nxd7 10. 0-0 0-0 11. Rb1 b6 12. e5 cxd4 13. cxd4 Rc8 14. Qb3 Nb8 15. Ba3 Nc6 16. e6 f5 17. Rfd1 Na5 18. Qb4 Bf6 19. d5 Nc4 20. Bc1 Nd6 21. Bh6 Rc4 22. Qa3 Qc7 23. Bxf8 Kxf8 24. Rdc1 Bc3 25. Ng5 b5 26. Nxh7+ Kg7 27. Ng5 b4 28. Qb3 Qc5 29. Nf3 Qxd5 30. a3 a5 31. Ng5 f4 32. h4 Qc5 33. Rc2 Bd4 34. Rxc4 Nxc4 35. Ne4 Qc6 36. Qd3 Be5 37. axb4 axb4 38. Rc1 1-0

[Event "World Cup U18 Prel"]
[Site "Tornelo INT"]
[Date "2021.08.20"]
[Round "9"]
[White "Washimkar, Arhant"]
[Black "Kwong, Wing Ki"]
[Result "1/2-1/2"]
[WhiteElo "1671"]
[BlackElo "1876"]
[PlyCount "129"]
[EventDate "2021.08.16"]
[EventType "swiss (rapid)"]
[EventRounds "10"]
[EventCountry "NET"]
[SourceTitle "CBM 203 Extra"]
[Source "ChessBase"]
[SourceDate "2021.09.30"]
[SourceVersion "1"]
[SourceVersionDate "2021.09.30"]
[SourceQuality "1"]

1. e4 c5 2. Nf3 d6 3. Bb5+ Nd7 4. 0-0 a6 5. Bxd7+ Bxd7 6. c3 Nf6 7. Re1 g6 8. d4 cxd4 9. cxd4 Bc6 10. Nc3 Bg7 11. d5 Bd7 12. e5 dxe5 13. Nxe5 0-0 14. Bg5 Bf5 15. h3 Qa5 16. Qb3 Bc8 17. Rad1 Qd8 18. Qb4 h6 19. d6 hxg5 20. dxe7 Qc7 21. exf8Q+ Bxf8 22. Qc4 Qxc4 23. Nxc4 Be6 24. Ne5 Rc8 25. Nf3 g4 26. Ng5 Bf5 27. hxg4 Bxg4 28. Rd3 Bf5 29. Rf3 Bg7 30. Kh2 Ng4+ 31. Kg1 Ne5 32. Rfe3 Rc5 33. Nce4 Rc2 34. Nd6 Rxb2 35. Nxf5 gxf5 36. Rxe5 Bxe5 37. Rxe5 f6 38. Re8+ Kg7 39. Nf3 Kf7 40. Rb8 b5 41. a3 Ra2 42. Rb7+ Kg6 43. Nd4 Rxa3 44. Kf1 Rd3 45. Nc6 Rd2 46. Ke1 Rc2 47. Nb4 Rb2 48. Nxa6 Kg5 49. Nc7 b4 50. Nd5 b3 51. Rb4 Rb1+ 52. Ke2 b2 53. Nc3 Rc1 54. Kd2 Rf1 55. Ke2 Rc1 56. Kd2 Rf1 57. Rxb2 Rxf2+ 58. Kc1 Rxb2 59. Kxb2 Kg4 60. Ne2 f4 61. Kc3 f3 62. gxf3+ Kxf3 63. Nd4+ Kg4 64. Kd3 f5 65. Nxf5 1/2-1/2

[Event "Asia Nations online Cup"]
[Site "Chess.com INT"]
[Date "2020.10.16"]
[Round "6.16"]
[White "Salim, Mohammed Salim Al"]
[Black "Kwong, Wing Ki"]
[Result "0-1"]
[WhiteElo "1926"]
[BlackElo "1876"]
[PlyCount "106"]
[EventDate "2020.10.10"]
[EventType "team-swiss (rapid)"]
[EventRounds "9"]
[EventCountry "IND"]
[SourceTitle "CBM 198 Extra"]
[Source "ChessBase"]
[SourceDate "2020.11.30"]
[SourceVersion "1"]
[SourceVersionDate "2020.11.30"]
[SourceQuality "1"]
[WhiteTeam "Oman"]
[BlackTeam "Hong Kong"]
[WhiteTeamCountry "OMN"]
[BlackTeamCountry "HKG"]

1. e4 c5 2. Nf3 d6 3. d4 cxd4 4. Nxd4 Nf6 5. Nc3 Nc6 6. Bg5 e6 7. f4 Be7 8. Qd2 0-0 9. 0-0-0 Nxd4 10. Qxd4 Qa5 11. Kb1 a6 12. h4 h6 13. e5 dxe5 14. fxe5 Rd8 15. Qe3 Rxd1+ 16. Nxd1 Nd5 17. Qd2 Nb4 18. a3 hxg5 19. axb4 Qxe5 20. h5 a5 21. b5 a4 22. Rh3 a3 23. bxa3 Bf6 24. c3 Rxa3 25. h6 Qe4+ 26. Bd3 Qa4 27. h7+ Kh8 28. Kc1 Ra1+ 29. Bb1 e5 30. Rd3 Qa3+ 31. Nb2 Bf5 32. g4 Bxd3 33. Qxd3 e4 34. Qc4 Qxc3+ 35. Qxc3 Bxc3 36. Kc2 Bxb2 37. Kxb2 Ra5 38. Bxe4 Rxb5+ 39. Kc3 Rb6 40. Kd4 g6 41. Kc5 Rb2 42. Bd5 Kxh7 43. Bxf7 Kg7 44. Be6 Kf6 45. Bd7 Ke5 46. Bb5 Rxb5+ 47. Kxb5 Kf4 48. Kb6 Kxg4 49. Kxb7 Kf3 50. Kc6 g4 51. Kc5 g3 52. Kc4 g2 53. Kc3 g1Q 0-1

[Event "Online Olym Div3 A"]
[Site "Chess.com INT"]
[Date "2020.08.08"]
[Round "5.2"]
[White "Kwong, Wing Ki"]
[Black "Kanyamarala, Tarun"]
[Result "0-1"]
[WhiteElo "1876"]
[BlackElo "2381"]
[PlyCount "184"]
[EventDate "2020.08.07"]
[EventType "team-tourn (rapid)"]
[EventRounds "9"]
[EventCountry "USA"]
[SourceTitle "CBM 198"]
[Source "ChessBase"]
[SourceDate "2020.10.31"]
[SourceVersion "1"]
[SourceVersionDate "2020.10.31"]
[SourceQuality "1"]
[WhiteTeam "Hong Kong"]
[BlackTeam "Ireland"]
[WhiteTeamCountry "HKG"]
[BlackTeamCountry "IRL"]

1. d4 f5 2. Nf3 Nf6 3. g3 g6 4. Bg2 Bg7 5. 0-0 0-0 6. c4 d6 7. Nc3 c6 8. Re1 Nh5 9. e4 f4 10. Ne2 fxg3 11. hxg3 Bg4 12. Nh2 Be6 13. Qc2 Qb6 14. Be3 c5 15. Rad1 Na6 16. a3 Rac8 17. d5 Bd7 18. b4 Qd8 19. b5 Nc7 20. f4 a6 21. a4 axb5 22. axb5 Ra8 23. g4 Nf6 24. Bf3 Ra3 25. Bc1 Rxf3 26. Nxf3 Bxg4 27. Nh2 Bh5 28. Ng3 Bxd1 29. Qxd1 Nd7 30. Nf3 Nb6 31. Qd3 Qa8 32. Be3 Qa4 33. Nd2 Nd7 34. Kg2 Ra8 35. e5 Qb4 36. e6 Nb6 37. f5 Ra3 38. Qe4 Ra2 39. Re2 Rxd2 40. Bxd2 Qxc4 41. fxg6 Qxe4+ 42. Nxe4 hxg6 43. Ba5 Nbxd5 44. Kf3 Nxe6 45. Rg2 Kf7 46. Bd2 Nd4+ 47. Kg4 Nxb5 48. Rf2+ Nf6+ 49. Kg3 Nd4 50. Ng5+ Ke8 51. Bc3 Nf5+ 52. Kh3 Kd7 53. Rb2 Kc6 54. Ne6 b5 55. Nxg7 Nxg7 56. Rg2 Ne6 57. Kh2 g5 58. Re2 Kd5 59. Bd2 b4 60. Kg1 Ng4 61. Rg2 Ne5 62. Kf1 g4 63. Ke2 Nd4+ 64. Kd1 Ndf3 65. Bf4 Ke4 66. Bg3 Nc4 67. Re2+ Ne3+ 68. Kc1 Kd3 69. Ra2 c4 70. Ra7 e5 71. Rd7 Nf5 72. Bf2 g3 73. Bb6 g2 74. Rf7 Ke4 75. Bf2 g1Q+ 76. Bxg1 Nxg1 77. Rb7 b3 78. Kb2 d5 79. Rh7 Nf3 80. Kc3 Ne3 81. Rh3 d4+ 82. Kb2 Nd2 83. Rh2 c3+ 84. Ka3 b2 85. Rh4+ Kd3 86. Rh1 b1Q 87. Rxb1 Nxb1+ 88. Ka2 Nd2 89. Ka1 Kc2 90. Ka2 Nb3 91. Ka3 Kb1 92. Kxb3 c2 0-1

[Event "Online Olym Div4 A"]
[Site "Chess.com INT"]
[Date "2020.08.02"]
[Round "9.2"]
[White "Kwong, Wing Ki"]
[Black "Laohawirapap, Prin"]
[Result "0-1"]
[WhiteElo "1876"]
[BlackElo "1913"]
[PlyCount "54"]
[EventDate "2020.07.31"]
[EventType "team-tourn (rapid)"]
[EventRounds "9"]
[EventCountry "USA"]
[SourceTitle "CBM 198"]
[Source "ChessBase"]
[SourceDate "2020.10.31"]
[SourceVersion "1"]
[SourceVersionDate "2020.10.31"]
[SourceQuality "1"]
[WhiteTeam "Hong Kong"]
[BlackTeam "Thailand"]
[WhiteTeamCountry "HKG"]
[BlackTeamCountry "THA"]

1. d4 Nf6 2. c4 c5 3. d5 e6 4. Nc3 exd5 5. cxd5 d6 6. e4 g6 7. h3 Bg7 8. Nf3 0-0 9. Bd3 Nbd7 10. 0-0 Re8 11. Re1 Ne5 12. Nxe5 Rxe5 13. f4 Re8 14. a4 Nh5 15. Qf3 f5 16. g4 fxg4 17. hxg4 Qh4 18. Be3 Bxg4 19. Qg2 Bd4 20. Qh2 Bh3 21. Qf2 Qg4+ 22. Kh2 Nxf4 23. Rg1 Nxd3 24. Rxg4 Nxf2 25. Bxd4 Nxg4+ 26. Kxh3 cxd4 27. Kxg4 dxc3 0-1

[Event "World ol U16"]
[Site "Corum"]
[Date "2019.10.31"]
[Round "4.19"]
[White "Hatirli, Ugur Can"]
[Black "Kwong, Wing Ki"]
[Result "1-0"]
[WhiteElo "1852"]
[BlackElo "1822"]
[PlyCount "115"]
[EventDate "2019.10.29"]
[EventType "team-swiss"]
[EventRounds "9"]
[EventCountry "TUR"]
[SourceTitle "CBM 192 Extra"]
[Source "Chessbase"]
[SourceDate "2019.11.06"]
[SourceVersion "1"]
[SourceVersionDate "2019.11.06"]
[SourceQuality "1"]
[WhiteTeam "Turkey Corum"]
[BlackTeam "Hong Kong"]
[WhiteTeamCountry "TUR"]
[BlackTeamCountry "HKG"]

1. Nf3 d5 2. c4 d4 3. e3 c5 4. exd4 cxd4 5. d3 Nc6 6. a3 a5 7. g3 e5 8. Bg2 Bd6 9. 0-0 Nf6 10. Nbd2 h6 11. Re1 0-0 12. Qc2 a4 13. Nh4 Be6 14. Ne4 Nxe4 15. Bxe4 Qd7 16. f4 exf4 17. gxf4 Qe7 18. Ng2 Qf6 19. Qf2 Rfe8 20. f5 Bd7 21. Bf4 Bxf4 22. Qxf4 Re5 23. Rf1 Rae8 24. Rae1 b5 25. cxb5 Rxb5 26. Qf2 Reb8 27. Re2 Ne7 28. Nh4 Nd5 29. Ng2 Bc6 30. Rc2 Bd7 31. Qg3 Qb6 32. Rff2 Nf6 33. h4 Re8 34. Rce2 Rc5 35. Ne1 Kh8 36. Qf4 Qc7 37. Qxc7 Rxc7 38. Nf3 Ng4 39. Rf1 Ne3 40. Rfe1 Nxf5 41. Rf2 g6 42. h5 g5 43. Bxf5 Rxe1+ 44. Nxe1 Bb5 45. Rc2 Re7 46. Nf3 Re3 47. Kf2 Bxd3 48. Nxd4 Bxf5 49. Kxe3 Bxc2 50. Nxc2 f5 51. Nd4 f4+ 52. Ke4 Kg7 53. Kf5 Kf7 54. Nf3 Kg7 55. Ne5 Kf8 56. Kf6 Ke8 57. Ng4 f3 58. Kg6 1-0

[Event "World ol U16"]
[Site "Corum"]
[Date "2019.10.29"]
[Round "1.10"]
[White "Kwong, Wing Ki"]
[Black "Tarlabasi, Emirhan"]
[Result "0-1"]
[WhiteElo "1822"]
[BlackElo "2365"]
[PlyCount "70"]
[EventDate "2019.10.29"]
[EventType "team-swiss"]
[EventRounds "9"]
[EventCountry "TUR"]
[SourceTitle "CBM 192 Extra"]
[Source "Chessbase"]
[SourceDate "2019.11.06"]
[SourceVersion "1"]
[SourceVersionDate "2019.11.06"]
[SourceQuality "1"]
[WhiteTeam "Hong Kong"]
[BlackTeam "Turkey White"]
[WhiteTeamCountry "HKG"]
[BlackTeamCountry "TUR"]

1. d4 d5 2. c4 e6 3. Nc3 Be7 4. cxd5 exd5 5. Qc2 Nf6 6. Nf3 c6 7. Bg5 Na6 8. a3 Nc7 9. e3 Ne6 10. Bh4 g6 11. Be2 Ng7 12. 0-0 Bf5 13. Bd3 0-0 14. b4 Rc8 15. Rfc1 b6 16. Ne5 c5 17. b5 cxd4 18. exd4 Bxd3 19. Qxd3 Nf5 20. Bxf6 Bxf6 21. Nc6 Qd6 22. Ne2 a5 23. a4 Rfe8 24. Ng3 Ne7 25. Nxe7+ Bxe7 26. Rc2 Rxc2 27. Qxc2 Bf6 28. Qc3 Qb4 29. Qxb4 axb4 30. Kf1 Bxd4 31. Rd1 Bc3 32. Ne2 d4 33. Nxd4 Rd8 34. a5 bxa5 35. b6 Rxd4 0-1

[Event "Hong Kong op"]
[Site "Hong Kong"]
[Date "2018.10.29"]
[Round "7"]
[White "Lam, Theodore Lukas"]
[Black "Kwong, Wing Ki"]
[Result "0-1"]
[WhiteElo "1301"]
[BlackElo "1693"]
[PlyCount "54"]
[EventDate "2018.09.03"]
[EventType "swiss"]
[EventRounds "7"]
[EventCountry "HKG"]
[SourceTitle "CBM 187 Extra"]
[Source "ChessBase"]
[SourceDate "2018.11.04"]
[SourceVersion "1"]
[SourceVersionDate "2018.11.04"]
[SourceQuality "1"]

1. d4 d5 2. c4 c6 3. Nc3 Nf6 4. cxd5 cxd5 5. f3 Nc6 6. e4 g6 7. Bg5 dxe4 8. d5 Ne5 9. fxe4 Bg7 10. Bb5+ Bd7 11. Bxd7+ Qxd7 12. Nf3 Nfg4 13. Bf4 Nc4 14. Qe2 Rc8 15. e5 Qf5 16. Bg3 Ngxe5 17. Nxe5 Nxe5 18. Bxe5 Bxe5 19. Rc1 0-0 20. Rf1 Bxc3+ 21. Rxc3 Qxd5 22. a3 e6 23. Rff3 Rxc3 24. Rxc3 Rd8 25. Rc1 Qd4 26. g3 Qg1+ 27. Qf1 Qe3+ 0-1